书目信息 |
| 题名: |
农机合作社运营效率与治理机制研究
|
|
| 作者: | 张梅 著 | |
| 分册: | ||
| 出版信息: | 北京 中国农业出版社 2019 |
|
| 页数: | 189页 | |
| 开本: | 23cm | |
| 丛书名: | 东北农业大学 现代农业发展研究中心 农村合作经济创新团队农村合作经济丛书 | |
| 单 册: | ||
| 中图分类: | F321.42 , F3 | |
| 科图分类: | ||
| 主题词: | 农业机械--农业生产合作社--研究--中国 , 农业经济 , 商业经济--世界 | |
| 电子资源: | ||
| ISBN: | 978-7-109-25635-4 | |
| 000 | 01484nam0 2200301 450 | |
| 001 | 2369727290 | |
| 005 | 20231104192317.00 | |
| 010 | @a978-7-109-25635-4@dCNY45.00 | |
| 100 | @a20200408d2019 em y0chiy50 ea | |
| 101 | 0 | @achi |
| 102 | @aCN@b110000 | |
| 105 | @ay z 000yy | |
| 200 | 1 | @a农机合作社运营效率与治理机制研究@9nong ji he zuo she yun ying xiao lv yu zhi li ji zhi yan jiu@dAgricultural machinery cooperatives operating efficiency and governance mechanism@f张梅著@zeng |
| 210 | @a北京@c中国农业出版社@d2019 | |
| 215 | @a189页@d23cm | |
| 225 | 2 | @a东北农业大学 现代农业发展研究中心 农村合作经济创新团队农村合作经济丛书 |
| 300 | @a国家社会科学基金项目“基于效率改进的粮食主产区农机合作社治理机制与政策导向研究” 黑龙江省博士后科研基金“新农产品价格体制下农民合作社风险识别、评估与防范研究”基金项目资助 | |
| 330 | @a本书主要介绍了农机合作社的发展历程、全国农机合作社的现状、农机合作社的运营方式与治理机制;进一步丰富和拓展了农机合作社运营机制相关理论并为政府加强农机合作社宏观管理和农机合作社规范运营提供理论支持。 | |
| 461 | 0 | @12001 @a东北农业大学 现代农业发展研究中心 农村合作经济创新团队农村合作经济丛书 |
| 510 | 1 | @aGricultural machinery cooperatives operating efficiency and governance mechanism@zeng |
| 606 | 0 | @a农业机械@x农业生产合作社@x研究@y中国 |
| 606 | 0 | @a农业经济 |
| 606 | 0 | @a商业经济@x世界 |
| 690 | @aF321.42@v5 | |
| 690 | @aF3@v4 | |
| 701 | 0 | @a张梅@9zhang mei@f(1975- )@4著 |
| 801 | 0 | @aCN@b91MARC@c20200408 |
| 905 | @aBZT@dF3@e5 | |
| 农机合作社运营效率与治理机制研究=Agricultural machinery cooperatives operating efficiency and governance mechanism/张梅著.-北京:中国农业出版社,2019 |
| 189页;23cm.-(东北农业大学 现代农业发展研究中心 农村合作经济创新团队农村合作经济丛书) |
| 国家社会科学基金项目“基于效率改进的粮食主产区农机合作社治理机制与政策导向研究” 黑龙江省博士后科研基金“新农产品价格体制下农民合作社风险识别、评估与防范研究”基金项目资助 |
| ISBN 978-7-109-25635-4:CNY45.00 |
| 本书主要介绍了农机合作社的发展历程、全国农机合作社的现状、农机合作社的运营方式与治理机制;进一步丰富和拓展了农机合作社运营机制相关理论并为政府加强农机合作社宏观管理和农机合作社规范运营提供理论支持。 |
| ● |
| 相关链接 |
|
|
|
正题名:农机合作社运营效率与治理机制研究
索取号:F3/5
 
预约/预借
| 序号 | 登录号 | 条形码 | 馆藏地/架位号 | 状态 | 备注 |
| 1 | 2000948462 | 2000948462 | 安徽、中教混合/安徽时代(第一批)/85/ [索取号:F3/5] | 在馆 | |
| 2 | 2000948463 | 2000948463 | 安徽、中教混合/安徽时代(第一批)/85/ [索取号:F3/5] | 在馆 | |
| 3 | 2000948464 | 2000948464 | 安徽、中教混合/安徽时代(第一批)/85/ [索取号:F3/5] | 在馆 | |
| 4 | 2000948465 | 2000948465 | 安徽、中教混合/安徽时代(第一批)/85/ [索取号:F3/5] | 在馆 | |
| 5 | 2000948466 | 2000948466 | 安徽、中教混合/安徽时代(第一批)/85/ [索取号:F3/5] | 在馆 | |
| 6 | 2000948467 | 2000948467 | 安徽、中教混合/安徽时代(第一批)/85/ [索取号:F3/5] | 在馆 |